[Event "Moscow Open 2016 B"]
[Site "?"]
[Date "2016.02.06"]
[Round "8.21"]
[White "Tsolakidou, Stavroula"]
[Black "Kovanova, Baira"]
[Result "1/2-1/2"]
[BlackElo "2381"]
[WhiteElo "2338"]
[LiveChessVersion "1.4.7"]

1. d4 {[%clk 1:30:57]} Nf6 {[%clk 1:30:56]} 2. c4 {[%clk 1:31:19]} e6
{[%clk 1:31:22]} 3. g3 {[%clk 1:31:43]} d5 {[%clk 1:31:44]} 4. Bg2
{[%clk 1:32:05]} dxc4 {[%clk 1:32:09]} 5. Nf3 {[%clk 1:32:28]} Bb4+
{[%clk 1:32:15]} 6. Bd2 {[%clk 1:32:35]} a5 {[%clk 1:32:11]} 7. a3
{[%clk 1:32:30]} Bxd2+ {[%clk 1:31:04]} 8. Nbxd2 {[%clk 1:32:53]} b5
{[%clk 1:30:45]} 9. b3 {[%clk 1:32:40]} cxb3 {[%clk 1:24:33]} 10. Qxb3
{[%clk 1:32:56]} c6 {[%clk 1:16:21]} 11. O-O {[%clk 1:32:27]} O-O
{[%clk 1:14:31]} 12. Rfc1 {[%clk 1:29:58]} Bb7 {[%clk 1:10:43]} 13. Qb2
{[%clk 1:29:08]} Nbd7 {[%clk 1:08:54]} 14. e4 {[%clk 1:08:19]} Qb6
{[%clk 1:00:11]} 15. Rab1 {[%clk 0:56:45]} Ba6 {[%clk 0:51:38]} 16. Qc2
{[%clk 0:48:58]} Rfc8 {[%clk 0:45:00]} 17. e5 {[%clk 0:45:44]} Nd5
{[%clk 0:44:41]} 18. Nc4 {[%clk 0:44:17]} Qd8 {[%clk 0:39:40]} 19. Nd6
{[%clk 0:44:33]} Rc7 {[%clk 0:37:46]} 20. h4 {[%clk 0:42:23]} h6 {[%clk 0:37:44]}
21. Nd2 {[%clk 0:31:28]} c5 {[%clk 0:23:45]} 22. Bxd5 {[%clk 0:23:18]} exd5
{[%clk 0:23:36]} 23. Qf5 {[%clk 0:21:13]} Qe7 {[%clk 0:21:52]} 24. Nxb5
{[%clk 0:15:22]} Rb7 {[%clk 0:17:17]} 25. Nc3 {[%clk 0:09:00]} cxd4
{[%clk 0:12:05]} 26. Nxd5 {[%clk 0:05:54]} Qd8 {[%clk 0:04:00]} 27. e6
{[%clk 0:03:20]} fxe6 {[%clk 0:04:19]} 28. Qxe6+ {[%clk 0:03:45]} Kh8
{[%clk 0:03:37]} 29. Rxb7 {[%clk 0:03:13]} Bxb7 {[%clk 0:04:06]} 30. Rc7
{[%clk 0:02:46]} Bxd5 {[%clk 0:03:01]} 31. Qxd5 {[%clk 0:01:11]} Nf6
{[%clk 0:01:09]} 32. Qf7 {[%clk 0:00:45]} Qg8 {[%clk 0:01:27]} 33. Qxg8+
{[%clk 0:00:41]} Kxg8 {[%clk 0:01:49]} 34. Rc4 {[%clk 0:00:34]} Rd8
{[%clk 0:02:07]} 35. Nb3 {[%clk 0:00:36]} d3 {[%clk 0:02:00]} 36. Nd2
{[%clk 0:00:54]} Rd5 {[%clk 0:01:24]} 37. f3 {[%clk 0:00:38]} Kf7
{[%clk 0:01:00]} 38. Rc3 {[%clk 0:00:39]} Nd7 {[%clk 0:00:59]} 39. Kf2
{[%clk 0:00:36]} Nc5 {[%clk 0:00:59]} 40. Ke3 {[%clk 0:30:35]} Ke6
{[%clk 0:30:54]} 41. Ne4 {[%clk 0:21:13]} Nxe4 {[%clk 0:25:24]} 42. fxe4
{[%clk 0:21:33]} Rd6 {[%clk 0:24:01]} 43. Rxd3 {[%clk 0:21:28]} Rb6
{[%clk 0:23:36]} 44. Kd4 {[%clk 0:18:27]} Rb1 {[%clk 0:20:29]} 45. Rc3
{[%clk 0:15:05]} Rd1+ {[%clk 0:18:18]} 46. Ke3 {[%clk 0:12:59]} Ra1
{[%clk 0:17:45]} 47. Kf4 {[%clk 0:11:55]} a4 {[%clk 0:16:33]} 48. Rc6+
{[%clk 0:06:52]} Kf7 {[%clk 0:16:27]} 49. Rc7+ {[%clk 0:06:34]} Kg6
{[%clk 0:15:08]} 50. h5+ {[%clk 0:06:00]} Kxh5 {[%clk 0:15:01]} 51. Rxg7
{[%clk 0:05:16]} Rf1+ {[%clk 0:13:38]} 52. Ke3 {[%clk 0:01:34]} Ra1
{[%clk 0:13:18]} 53. g4+ {[%clk 0:01:04]} Kh4 {[%clk 0:13:41]} 54. Rg6
{[%clk 0:00:44]} h5 {[%clk 0:12:17]} 55. gxh5 {[%clk 0:00:55]} Kxh5
{[%clk 0:12:45]} 56. Ra6 {[%clk 0:01:18]} Rxa3+ {[%clk 0:12:51]} 57. Kf4
{[%clk 0:01:44]} Ra1 {[%clk 0:13:05]} 58. Kf5 {[%clk 0:00:37]} a3
{[%clk 0:12:48]} 59. e5 {[%clk 0:00:44]} a2 {[%clk 0:11:31]} 60. Ke6
{[%clk 0:01:06]} Kg5 {[%clk 0:10:25]} 61. Ra5 {[%clk 0:01:08]} Kg6
{[%clk 0:10:25]} 62. Ra6 {[%clk 0:00:55]} Kg5 {[%clk 0:10:44]} 1/2-1/2

[Event "Moscow Open 2016 B"]
[Site "?"]
[Date "2016.02.06"]
[Round "8.22"]
[White "Pustovoitova, Daria"]
[Black "Obolentseva, Alexandra"]
[Result "0-1"]
[BlackElo "2194"]
[WhiteElo "2356"]
[LiveChessVersion "1.4.7"]

1. d4 {[%clk 1:30:57]} Nf6 {[%clk 1:30:55]} 2. c4 {[%clk 1:31:24]} g6
{[%clk 1:31:19]} 3. g3 {[%clk 1:31:43]} Bg7 {[%clk 1:31:44]} 4. Bg2
{[%clk 1:32:04]} O-O {[%clk 1:32:05]} 5. Nc3 {[%clk 1:32:31]} d6 {[%clk 1:32:27]}
6. Nf3 {[%clk 1:32:58]} Nbd7 {[%clk 1:32:45]} 7. O-O {[%clk 1:33:16]} e5
{[%clk 1:33:03]} 8. e4 {[%clk 1:33:10]} a6 {[%clk 1:33:28]} 9. Re1
{[%clk 1:33:28]} exd4 {[%clk 1:33:49]} 10. Nxd4 {[%clk 1:33:55]} Ne5
{[%clk 1:34:07]} 11. b3 {[%clk 1:34:13]} c5 {[%clk 1:34:32]} 12. Nc2
{[%clk 1:34:36]} Rb8 {[%clk 1:34:42]} 13. h3 {[%clk 1:34:53]} Ne8
{[%clk 1:33:27]} 14. Bb2 {[%clk 1:34:39]} Nc7 {[%clk 1:32:24]} 15. Qd2
{[%clk 1:14:20]} Bxh3 {[%clk 1:30:37]} 16. f4 {[%clk 1:11:55]} Bxg2
{[%clk 1:15:34]} 17. fxe5 {[%clk 1:12:17]} Bh3 {[%clk 1:15:15]} 18. exd6
{[%clk 1:10:07]} Ne6 {[%clk 1:10:07]} 19. e5 {[%clk 1:00:39]} Ng5
{[%clk 1:09:57]} 20. Qe3 {[%clk 0:57:39]} Bxe5 {[%clk 1:08:43]} 21. Red1
{[%clk 0:37:52]} Bf5 {[%clk 1:04:00]} 22. Ne1 {[%clk 0:33:00]} Re8
{[%clk 0:56:48]} 23. Qxc5 {[%clk 0:16:44]} Nh3+ {[%clk 0:55:26]} 24. Kh2
{[%clk 0:15:35]} Qg5 {[%clk 0:53:34]} 0-1

[Event "Moscow Open 2016 B"]
[Site "?"]
[Date "2016.02.06"]
[Round "8.23"]
[White "Soumya, Swaminathan"]
[Black "Galojan, Lilit"]
[Result "1-0"]
[BlackElo "2295"]
[WhiteElo "2345"]
[LiveChessVersion "1.4.7"]

1. e4 {[%clk 1:30:44]} e5 {[%clk 1:30:51]} 2. Nf3 {[%clk 1:31:11]} Nc6
{[%clk 1:31:18]} 3. Bb5 {[%clk 1:31:15]} a6 {[%clk 1:31:43]} 4. Ba4
{[%clk 1:31:42]} Nf6 {[%clk 1:32:04]} 5. O-O {[%clk 1:32:07]} Be7
{[%clk 1:32:25]} 6. d3 {[%clk 1:32:32]} d6 {[%clk 1:32:22]} 7. c3
{[%clk 1:32:38]} O-O {[%clk 1:32:35]} 8. Nbd2 {[%clk 1:28:20]} Re8
{[%clk 1:27:00]} 9. Re1 {[%clk 1:26:45]} Bf8 {[%clk 1:27:00]} 10. Nf1
{[%clk 1:21:25]} h6 {[%clk 1:23:06]} 11. h3 {[%clk 1:15:03]} b5 {[%clk 1:22:11]}
12. Bc2 {[%clk 1:15:30]} d5 {[%clk 1:04:18]} 13. Qe2 {[%clk 1:14:22]} Be6
{[%clk 0:51:34]} 14. Ng3 {[%clk 1:04:45]} Qd7 {[%clk 0:44:31]} 15. a4
{[%clk 0:42:49]} b4 {[%clk 0:41:21]} 16. a5 {[%clk 0:41:44]} Qd6 {[%clk 0:25:50]}
17. Ba4 {[%clk 0:22:12]} Bd7 {[%clk 0:26:15]} 18. Bd2 {[%clk 0:22:00]} Rab8
{[%clk 0:19:14]} 19. Rec1 {[%clk 0:08:19]} bxc3 {[%clk 0:14:57]} 20. Bxc3
{[%clk 0:08:01]} d4 {[%clk 0:08:09]} 21. Be1 {[%clk 0:08:29]} g6 {[%clk 0:02:20]}
22. Rc2 {[%clk 0:01:55]} Nd8 {[%clk 0:01:17]} 23. Nd2 {[%clk 0:01:31]} Bxa4
{[%clk 0:01:43]} 24. Rxa4 {[%clk 0:01:57]} Qe6 {[%clk 0:00:35]} 25. Rac4
{[%clk 0:00:44]} c5 {[%clk 0:00:50]} 26. Ra4 {[%clk 0:00:44]} Qd7
{[%clk 0:00:56]} 27. Ra1 {[%clk 0:01:07]} Ne6 {[%clk 0:01:19]} 28. Nc4
{[%clk 0:01:31]} Nd8 {[%clk 0:00:31]} 29. Bd2 {[%clk 0:01:35]} Rb5
{[%clk 0:00:46]} 30. Qf1 {[%clk 0:01:26]} Bg7 {[%clk 0:00:36]} 31. f4
{[%clk 0:01:39]} exf4 {[%clk 0:00:39]} 32. Qxf4 {[%clk 0:01:59]} Ne6
{[%clk 0:00:51]} 33. Qf3 {[%clk 0:02:10]} h5 {[%clk 0:00:33]} 34. Rf1
{[%clk 0:01:59]} Rb3 {[%clk 0:00:39]} 35. e5 {[%clk 0:01:54]} Nh7
{[%clk 0:00:34]} 36. Ne4 {[%clk 0:02:00]} Reb8 {[%clk 0:00:31]} 37. Bc1
{[%clk 0:01:26]} Rf8 {[%clk 0:00:52]} 38. Qg3 {[%clk 0:01:24]} Qd5
{[%clk 0:00:40]} 39. Qf3 {[%clk 0:01:03]} Qd7 {[%clk 0:00:48]} 40. Rcf2
{[%clk 0:30:53]} Rb5 {[%clk 0:30:39]} 41. Ned6 {[%clk 0:17:53]} Rbb8
{[%clk 0:23:03]} 42. Nb6 {[%clk 0:18:21]} Qe7 {[%clk 0:21:30]} 43. Nd5
{[%clk 0:18:01]} Qh4 {[%clk 0:15:14]} 44. g3 {[%clk 0:14:32]} Qxh3
{[%clk 0:15:15]} 45. Ne7+ {[%clk 0:14:53]} Kh8 {[%clk 0:15:30]} 46. Nxf7+
{[%clk 0:15:20]} Rxf7 {[%clk 0:15:51]} 47. Nxg6+ {[%clk 0:15:47]} 1-0

[Event "Moscow Open 2016 B"]
[Site "?"]
[Date "2016.02.06"]
[Round "8.24"]
[White "Martynkova, Olena"]
[Black "Mirzoeva, Elmira"]
[Result "0-1"]
[BlackElo "2361"]
[WhiteElo "2245"]
[LiveChessVersion "1.4.7"]

1. d4 {[%clk 1:30:56]} d5 {[%clk 1:30:49]} 2. c4 {[%clk 1:31:10]} c6
{[%clk 1:31:10]} 3. Nf3 {[%clk 1:31:16]} Nf6 {[%clk 1:31:26]} 4. Nc3
{[%clk 1:31:06]} dxc4 {[%clk 1:31:16]} 5. a4 {[%clk 1:30:58]} e6 {[%clk 1:31:01]}
6. e3 {[%clk 1:29:27]} c5 {[%clk 1:31:00]} 7. Bxc4 {[%clk 1:28:46]} Nc6
{[%clk 1:31:06]} 8. O-O {[%clk 1:27:46]} cxd4 {[%clk 1:30:26]} 9. exd4
{[%clk 1:27:22]} Be7 {[%clk 1:30:35]} 10. Qe2 {[%clk 1:20:53]} O-O
{[%clk 1:30:24]} 11. Rd1 Nb4 12. Ne5 {[%clk 1:10:39]} Nfd5 {[%clk 1:18:27]} 13.
a5 {[%clk 1:00:20]} a6 14. Ne4 {[%clk 0:44:21]} f6 {[%clk 0:59:54]} 15. Nd3 b6
{[%clk 0:51:36]} 16. Nxb4 {[%clk 0:39:28]} Bxb4 {[%clk 0:51:20]} 17. axb6
{[%clk 0:33:35]} Qxb6 {[%clk 0:51:04]} 18. Bd2 {[%clk 0:31:44]} a5 19. Bxb4
{[%clk 0:25:32]} Qxb4 {[%clk 0:35:44]} 20. Nc5 {[%clk 0:24:17]} Nf4
{[%clk 0:25:27]} 21. Qc2 {[%clk 0:21:22]} Rb8 {[%clk 0:22:39]} 22. Rd2
{[%clk 0:16:40]} Kh8 {[%clk 0:20:48]} 23. Ra3 {[%clk 0:14:51]} Qb6
{[%clk 0:19:10]} 24. Qe4 {[%clk 0:12:50]} e5 {[%clk 0:12:27]} 25. Rb3
{[%clk 0:04:59]} Qc7 {[%clk 0:12:42]} 26. Rxb8 {[%clk 0:04:50]} Qxb8
{[%clk 0:13:02]} 27. Nd3 {[%clk 0:03:22]} Bb7 {[%clk 0:10:14]} 28. d5
{[%clk 0:03:32]} Ne6 {[%clk 0:06:24]} 29. Qg4 {[%clk 0:02:00]} Nd4
{[%clk 0:06:29]} 30. Nf4 {[%clk 0:01:28]} Bc8 {[%clk 0:02:22]} 31. Qh5
{[%clk 0:00:41]} exf4 {[%clk 0:02:40]} 32. Rxd4 {[%clk 0:01:04]} Qxb2
{[%clk 0:02:53]} 33. Rd1 {[%clk 0:00:41]} f5 {[%clk 0:01:22]} 34. d6
{[%clk 0:00:36]} Bd7 {[%clk 0:01:40]} 35. Re1 {[%clk 0:00:32]} Qc3
{[%clk 0:00:41]} 36. Qe2 {[%clk 0:00:53]} h6 {[%clk 0:00:39]} 37. Rd1
{[%clk 0:00:39]} Re8 {[%clk 0:00:53]} 38. Qf1 {[%clk 0:00:33]} f3
{[%clk 0:01:10]} 39. g3 {[%clk 0:00:34]} f4 {[%clk 0:01:10]} 40. Rc1
{[%clk 0:30:36]} Qb4 {[%clk 0:30:49]} 41. Bd5 fxg3 {[%clk 0:22:53]} 42. hxg3
{[%clk 0:21:50]} Qxd6 {[%clk 0:15:16]} 43. Bxf3 {[%clk 0:21:15]} a4
{[%clk 0:15:26]} 44. Rd1 {[%clk 0:19:45]} Qe7 {[%clk 0:13:58]} 45. Qd3
{[%clk 0:19:05]} Be6 {[%clk 0:08:25]} 46. Re1 {[%clk 0:11:53]} Qd7
{[%clk 0:05:05]} 47. Qa6 {[%clk 0:09:19]} Bb3 {[%clk 0:03:39]} 48. Rxe8+
{[%clk 0:07:54]} Qxe8 {[%clk 0:04:08]} 49. Bc6 {[%clk 0:07:49]} Qe1+
{[%clk 0:03:37]} 50. Kg2 {[%clk 0:08:07]} Qe6 {[%clk 0:03:36]} 51. Qa8+
{[%clk 0:07:36]} Kh7 {[%clk 0:01:13]} 52. Be4+ {[%clk 0:06:56]} g6
{[%clk 0:01:41]} 53. Qa7+ {[%clk 0:06:37]} Qf7 {[%clk 0:01:50]} 54. Qa6
{[%clk 0:05:36]} Kg7 {[%clk 0:01:56]} 55. Qa5 {[%clk 0:05:05]} Qe7
{[%clk 0:01:00]} 56. Bf3 {[%clk 0:04:33]} Kh7 {[%clk 0:01:16]} 57. Qb5
{[%clk 0:01:22]} Bc2 {[%clk 0:00:38]} 58. Qc4 {[%clk 0:01:19]} Bb3
{[%clk 0:00:56]} 59. Qb5 {[%clk 0:01:40]} Qf7 {[%clk 0:01:17]} 60. Qa5
{[%clk 0:01:21]} h5 {[%clk 0:01:04]} 61. Be4 {[%clk 0:00:48]} Kg7
{[%clk 0:01:11]} 62. Bf3 {[%clk 0:00:36]} Qe7 {[%clk 0:01:23]} 63. Qb5
{[%clk 0:00:36]} Kh7 {[%clk 0:01:07]} 64. Bc6 {[%clk 0:00:34]} h4
{[%clk 0:00:49]} 65. gxh4 {[%clk 0:00:37]} Qxh4 {[%clk 0:01:14]} 66. Bf3
{[%clk 0:00:36]} Kh6 {[%clk 0:01:40]} 67. Qb6 {[%clk 0:00:35]} Qg5+
{[%clk 0:01:44]} 68. Kh2 {[%clk 0:00:57]} Qe5+ {[%clk 0:01:47]} 69. Kg2
{[%clk 0:01:10]} Bd5 {[%clk 0:00:38]} 70. Bxd5 {[%clk 0:01:14]} Qxd5+
{[%clk 0:01:08]} 71. Kh2 {[%clk 0:00:49]} Qb3 {[%clk 0:01:28]} 72. Qd4
{[%clk 0:00:34]} Qb5 {[%clk 0:01:20]} 73. Qh8+ {[%clk 0:00:34]} Kg5
{[%clk 0:01:48]} 74. Qd8+ {[%clk 0:00:39]} Kf5 {[%clk 0:02:10]} 75. Qf8+
{[%clk 0:00:35]} Ke4 {[%clk 0:02:28]} 76. Qa3 {[%clk 0:00:32]} Qb3
{[%clk 0:01:40]} 77. Qe7+ {[%clk 0:00:41]} Kf3 {[%clk 0:00:55]} 78. Qf6+
{[%clk 0:00:36]} Ke2 {[%clk 0:01:20]} 79. Qxg6 {[%clk 0:00:35]} Kxf2
{[%clk 0:01:29]} 80. Qg2+ {[%clk 0:00:31]} Ke1 {[%clk 0:01:50]} 81. Qe4+
{[%clk 0:00:35]} Kd2 {[%clk 0:02:12]} 82. Qd4+ {[%clk 0:00:33]} Kc2
{[%clk 0:02:37]} 83. Qe4+ {[%clk 0:00:38]} Kb2 {[%clk 0:03:04]} 84. Qd4+
{[%clk 0:00:46]} Ka2 {[%clk 0:03:30]} 85. Qd6 {[%clk 0:00:34]} a3
{[%clk 0:03:52]} 86. Qd7 {[%clk 0:00:33]} Kb1 {[%clk 0:04:12]} 87. Kg1
{[%clk 0:00:33]} a2 {[%clk 0:04:03]} 88. Qf5+ {[%clk 0:00:56]} Qc2
{[%clk 0:03:26]} 89. Qb5+ {[%clk 0:01:14]} Qb2 {[%clk 0:02:22]} 90. Qf5+
{[%clk 0:01:38]} Ka1 {[%clk 0:02:46]} 91. Qd5 {[%clk 0:01:09]} Qc1+
{[%clk 0:02:58]} 92. Kg2 {[%clk 0:01:12]} Kb1 {[%clk 0:03:11]} 93. Qb3+
{[%clk 0:00:34]} Qb2+ {[%clk 0:03:37]} 0-1

[Event "Moscow Open 2016 B"]
[Site "?"]
[Date "2016.02.06"]
[Round "8.25"]
[White "Vasilevich, Tatjana"]
[Black "Protopopova, Anastasiya"]
[Result "0-1"]
[BlackElo "2181"]
[WhiteElo "2380"]
[LiveChessVersion "1.4.7"]

1. Nf3 {[%clk 1:30:56]} Nf6 {[%clk 1:30:50]} 2. c4 {[%clk 1:31:19]} e6
{[%clk 1:31:13]} 3. Nc3 {[%clk 1:31:43]} d5 {[%clk 1:31:11]} 4. d4
{[%clk 1:32:03]} c5 {[%clk 1:30:18]} 5. cxd5 {[%clk 1:32:08]} Nxd5
{[%clk 1:30:05]} 6. e3 {[%clk 1:23:38]} cxd4 {[%clk 1:24:55]} 7. exd4
{[%clk 1:24:05]} Nc6 {[%clk 1:22:09]} 8. Bd3 {[%clk 1:21:55]} Be7
{[%clk 1:17:56]} 9. O-O {[%clk 1:21:29]} O-O {[%clk 1:18:13]} 10. Be3
{[%clk 1:20:28]} Qb6 {[%clk 1:13:54]} 11. Qe2 {[%clk 1:15:38]} Bf6
{[%clk 1:11:05]} 12. Rfd1 {[%clk 1:15:19]} Rd8 {[%clk 1:08:29]} 13. Rac1
{[%clk 1:11:35]} Bd7 {[%clk 0:51:43]} 14. Ne4 {[%clk 1:05:39]} Be7
{[%clk 0:51:11]} 15. Nc5 {[%clk 1:02:40]} Be8 {[%clk 0:49:21]} 16. Bb1
{[%clk 1:00:11]} Nxe3 {[%clk 0:44:13]} 17. fxe3 {[%clk 1:00:07]} e5
{[%clk 0:43:43]} 18. Na4 {[%clk 0:54:20]} Qa5 {[%clk 0:40:46]} 19. Nc3
{[%clk 0:48:43]} exd4 {[%clk 0:38:12]} 20. exd4 {[%clk 0:48:32]} Bf6
{[%clk 0:35:16]} 21. d5 {[%clk 0:36:46]} Nb4 {[%clk 0:28:34]} 22. Qe4
{[%clk 0:33:32]} g6 {[%clk 0:27:00]} 23. Ne5 {[%clk 0:32:34]} Bg5
{[%clk 0:22:02]} 24. Ng4 {[%clk 0:21:24]} Qb6+ {[%clk 0:15:32]} 25. Kh1
{[%clk 0:21:52]} f5 {[%clk 0:15:10]} 26. Qe5 {[%clk 0:19:22]} Qd6
{[%clk 0:12:37]} 27. Qd4 {[%clk 0:19:21]} Bxc1 {[%clk 0:11:45]} 28. Rxc1
{[%clk 0:17:50]} fxg4 {[%clk 0:11:30]} 29. Ne4 {[%clk 0:17:59]} Qb6
{[%clk 0:10:49]} 30. Qe5 {[%clk 0:15:55]} Nxd5 {[%clk 0:09:29]} 31. Rf1
{[%clk 0:08:34]} Bb5 {[%clk 0:07:51]} 32. Rf2 {[%clk 0:03:27]} Rac8
{[%clk 0:07:10]} 33. Bc2 {[%clk 0:03:49]} Rc6 {[%clk 0:03:13]} 34. Rd2
{[%clk 0:01:27]} Bc4 {[%clk 0:02:53]} 35. b3 {[%clk 0:00:55]} Re6
{[%clk 0:02:34]} 36. Qg5 {[%clk 0:01:14]} Rf8 {[%clk 0:02:54]} 37. Rd1
{[%clk 0:01:22]} Ne3 {[%clk 0:02:39]} 38. Rc1 {[%clk 0:00:51]} Nxc2
{[%clk 0:02:43]} 39. bxc4 {[%clk 0:01:09]} Rxe4 {[%clk 0:02:45]} 0-1

[Event "Moscow Open 2016 B"]
[Site "?"]
[Date "2016.02.07"]
[Round "9.19"]
[White "Schneider, Veronika"]
[Black "Soumya, Swaminathan"]
[Result "0-1"]
[BlackElo "2345"]
[WhiteElo "2259"]
[LiveChessVersion "1.4.7"]

1. e4 {[%clk 1:30:56]} g6 {[%clk 1:29:09]} 2. d4 {[%clk 1:30:42]} Bg7
{[%clk 1:29:36]} 3. Nc3 {[%clk 1:30:48]} d6 {[%clk 1:30:00]} 4. Be3
{[%clk 1:29:58]} a6 {[%clk 1:29:04]} 5. a4 {[%clk 1:30:00]} Nf6 {[%clk 1:27:32]}
6. h3 {[%clk 1:29:22]} Nc6 {[%clk 1:24:36]} 7. Nf3 {[%clk 1:29:07]} O-O
{[%clk 1:23:09]} 8. Be2 {[%clk 1:26:59]} e5 {[%clk 1:22:54]} 9. d5
{[%clk 1:27:23]} Ne7 {[%clk 1:22:15]} 10. Nd2 {[%clk 1:27:41]} Nd7
{[%clk 1:20:58]} 11. g4 {[%clk 1:21:17]} f5 {[%clk 1:08:48]} 12. f3
{[%clk 1:17:42]} Nf6 {[%clk 1:05:22]} 13. Nc4 {[%clk 1:12:32]} Bd7
{[%clk 0:54:16]} 14. a5 {[%clk 1:10:50]} Nc8 {[%clk 0:49:51]} 15. Qd2
{[%clk 1:07:26]} b5 {[%clk 0:43:32]} 16. axb6 {[%clk 1:07:39]} cxb6
{[%clk 0:44:00]} 17. b4 {[%clk 0:57:59]} b5 {[%clk 0:37:27]} 18. Na5
{[%clk 0:57:44]} Qc7 {[%clk 0:34:54]} 19. O-O {[%clk 0:48:22]} Nb6
{[%clk 0:31:39]} 20. Kh2 {[%clk 0:42:06]} Rf7 {[%clk 0:23:59]} 21. Rg1
{[%clk 0:41:01]} Rc8 {[%clk 0:16:29]} 22. Ra3 {[%clk 0:39:52]} fxe4
{[%clk 0:11:30]} 23. fxe4 {[%clk 0:38:16]} Na4 {[%clk 0:11:28]} 24. Nxa4
{[%clk 0:36:26]} Nxe4 {[%clk 0:11:56]} 25. Qd3 {[%clk 0:35:38]} Nf2
{[%clk 0:12:24]} 26. Bb6 {[%clk 0:16:51]} Nxd3 {[%clk 0:04:37]} 27. Bxc7
{[%clk 0:17:19]} Rxc7 {[%clk 0:05:01]} 28. Bxd3 {[%clk 0:17:32]} bxa4
{[%clk 0:05:28]} 29. Bxa6 {[%clk 0:11:26]} Rxc2+ {[%clk 0:05:16]} 30. Rg2
{[%clk 0:11:55]} Rc1 {[%clk 0:05:09]} 31. b5 {[%clk 0:05:47]} e4 {[%clk 0:05:01]}
32. Rga2 {[%clk 0:04:20]} Be5+ {[%clk 0:01:57]} 33. Kg2 {[%clk 0:04:42]} Rff1
{[%clk 0:02:17]} 34. Rxa4 {[%clk 0:04:31]} Rh1 {[%clk 0:01:38]} 35. Rxe4
{[%clk 0:04:16]} Rh2+ {[%clk 0:02:05]} 36. Kf3 {[%clk 0:04:40]} Rxa2
{[%clk 0:02:16]} 37. Nc6 {[%clk 0:03:36]} Rf1+ {[%clk 0:02:14]} 38. Ke3
{[%clk 0:03:51]} Re1+ {[%clk 0:02:42]} 39. Kd4 0-1

[Event "Moscow Open 2016 B"]
[Site "?"]
[Date "2016.02.07"]
[Round "9.20"]
[White "Obolentseva, Alexandra"]
[Black "Osmak, Iulija"]
[Result "1-0"]
[BlackElo "2343"]
[WhiteElo "2194"]
[LiveChessVersion "1.4.7"]

1. d4 {[%clk 1:30:57]} d5 {[%clk 1:30:53]} 2. c4 {[%clk 1:31:23]} c6
{[%clk 1:31:20]} 3. Nf3 {[%clk 1:31:48]} Nf6 {[%clk 1:31:45]} 4. Nc3
{[%clk 1:32:13]} dxc4 {[%clk 1:32:11]} 5. a4 {[%clk 1:32:37]} Bf5
{[%clk 1:32:37]} 6. e3 {[%clk 1:32:59]} e6 {[%clk 1:33:00]} 7. Bxc4
{[%clk 1:33:24]} Bb4 {[%clk 1:33:24]} 8. O-O {[%clk 1:33:47]} O-O
{[%clk 1:33:20]} 9. Qb3 {[%clk 1:34:11]} Qb6 {[%clk 1:30:36]} 10. Nh4
{[%clk 1:30:58]} Nbd7 {[%clk 1:30:50]} 11. Rd1 {[%clk 1:27:52]} Bg6
{[%clk 1:22:37]} 12. Nxg6 {[%clk 1:16:31]} hxg6 {[%clk 1:23:02]} 13. Qc2
{[%clk 1:13:37]} e5 {[%clk 1:13:10]} 14. Qxg6 {[%clk 1:12:12]} Rad8
{[%clk 1:06:55]} 15. Qc2 {[%clk 1:08:00]} a5 {[%clk 1:04:04]} 16. h3
{[%clk 1:07:08]} Rfe8 {[%clk 1:03:17]} 17. Qb3 {[%clk 1:06:53]} Re7
{[%clk 1:02:52]} 18. Na2 {[%clk 1:03:09]} Bd6 {[%clk 0:57:03]} 19. Qxb6
{[%clk 0:58:38]} Nxb6 {[%clk 0:57:27]} 20. dxe5 {[%clk 0:58:30]} Nxc4
{[%clk 0:52:33]} 21. exd6 {[%clk 0:58:32]} Rxd6 {[%clk 0:52:52]} 22. Rxd6
{[%clk 0:58:46]} Nxd6 {[%clk 0:53:17]} 23. f3 {[%clk 0:52:57]} Nc4
{[%clk 0:46:27]} 24. Kf2 {[%clk 0:51:47]} Rd7 {[%clk 0:43:06]} 25. Ke2
{[%clk 0:50:48]} Ne5 {[%clk 0:37:24]} 26. g4 {[%clk 0:46:46]} Nd5
{[%clk 0:28:01]} 27. b3 {[%clk 0:44:59]} g5 {[%clk 0:19:37]} 28. Bd2
{[%clk 0:42:41]} b6 {[%clk 0:19:57]} 29. Nc3 {[%clk 0:42:00]} Nf6
{[%clk 0:19:45]} 30. Rd1 {[%clk 0:41:25]} Kg7 {[%clk 0:19:40]} 31. f4
{[%clk 0:30:11]} gxf4 {[%clk 0:19:26]} 32. exf4 {[%clk 0:30:37]} Ng6
{[%clk 0:18:47]} 33. Be3 {[%clk 0:30:00]} Re7 {[%clk 0:16:26]} 34. Kf3
{[%clk 0:28:38]} c5 {[%clk 0:12:42]} 35. Bf2 {[%clk 0:26:22]} Nf8
{[%clk 0:12:03]} 36. Bh4 {[%clk 0:25:04]} Re6 {[%clk 0:12:02]} 37. f5
{[%clk 0:24:52]} Rc6 {[%clk 0:12:19]} 38. Bxf6+ {[%clk 0:24:09]} Kxf6
{[%clk 0:11:46]} 39. Nd5+ {[%clk 0:23:33]} Ke5 {[%clk 0:11:49]} 40. Ne3
{[%clk 0:53:44]} Kf6 {[%clk 0:41:34]} 41. Nc4 {[%clk 0:53:56]} Ke7
{[%clk 0:41:53]} 42. g5 {[%clk 0:53:58]} Nd7 {[%clk 0:41:26]} 43. Rxd7+
{[%clk 0:54:17]} Kxd7 {[%clk 0:41:48]} 44. Ne5+ {[%clk 0:54:42]} Kd6
{[%clk 0:42:07]} 45. Nxc6 {[%clk 0:55:05]} Kxc6 {[%clk 0:42:35]} 46. g6
{[%clk 0:55:26]} 1-0